[Event "Brno op 8th"]
[Site "Brno"]
[Date "2018.11.12"]
[Round "3"]
[White "Zikan, Karel"]
[Black "Zuziak, Petr"]
[Result "1-0"]
[WhiteElo "1704"]
[BlackElo "1938"]
[PlyCount "97"]
[EventDate "2018.11.10"]
[EventType "swiss"]
[EventRounds "9"]
[EventCountry "CZE"]
[SourceTitle "CBM 187 Extra"]
[Source "ChessBase"]
[SourceDate "2018.11.04"]
[SourceVersion "1"]
[SourceVersionDate "2018.11.04"]
[SourceQuality "1"]

1. Nf3 Nc6 2. d4 e6 3. c4 d5 4. cxd5 Qxd5 5. Nc3 Bb4 6. Bd2 Qh5 7. e3 Nf6 8. Be2 Qg6 9. 0-0 0-0 10. Rc1 Bxc3 11. Bxc3 Nd5 12. Qd3 f5 13. g3 b6 14. Nh4 Qf6 15. Bf3 g5 16. Bxd5 exd5 17. Ng2 a5 18. Rfe1 Ba6 19. Qc2 f4 20. exf4 Nxd4 21. Bxd4 Qxd4 22. fxg5 Rf3 23. Re7 Bd3 24. Qd2 Raf8 25. Nf4 c5 26. b3 c4 27. Rd7 Rc8 28. bxc4 Rxc4 29. Re1 Bg6 30. Qxd4 Rxd4 31. Nxg6 hxg6 32. Re8+ Rf8 33. Ree7 Rd1+ 34. Kg2 Rc8 35. Rg7+ Kf8 36. Rxg6 d4 37. Rxb6 d3 38. Rbd6 Rd2 39. Rd8+ Rxd8 40. Rxd8+ Ke7 41. Rd4 Rxa2 42. Rxd3 Rb2 43. h4 Rb6 44. Ra3 Ra6 45. f4 a4 46. Kf3 Ke6 47. Kg4 Ra5 48. h5 Kf7 49. f5 1-0

[Event "Brno op 6th"]
[Site "Brno"]
[Date "2015.11.20"]
[Round "8"]
[White "Kopecek, Ivan"]
[Black "Zikan, Karel"]
[Result "1-0"]
[WhiteElo "1949"]
[BlackElo "1704"]
[PlyCount "67"]
[EventDate "2015.11.14"]
[EventType "swiss"]
[EventRounds "9"]
[EventCountry "CZE"]
[SourceTitle "CBM 169 Extra"]
[Source "ChessBase"]
[SourceDate "2015.12.18"]
[SourceVersion "1"]
[SourceVersionDate "2015.12.18"]
[SourceQuality "1"]

1. e4 c6 2. Nf3 d5 3. Nc3 Bg4 4. h3 Bxf3 5. Qxf3 e6 6. d4 Bb4 7. Be2 dxe4 8. Qxe4 Nf6 9. Qd3 Nbd7 10. 0-0 0-0 11. Qg3 Re8 12. Bg5 Be7 13. Bh6 Bf8 14. Rad1 Kh8 15. Bc1 Rc8 16. Rfe1 Qc7 17. Bf4 Qa5 18. Bg5 Be7 19. h4 h6 20. Bc1 Qc7 21. Qh3 Nd5 22. Nxd5 cxd5 23. c3 Nf6 24. Bd3 Ng8 25. Bb1 Nf6 26. g4 Ng8 27. Qd3 g6 28. h5 Bg5 29. Bxg5 hxg5 30. hxg6 f6 31. Kg2 Kg7 32. Rh1 Nh6 33. Rxh6 Kxh6 34. Rh1+ 1-0

[Event "Brno op 6th"]
[Site "Brno"]
[Date "2015.11.16"]
[Round "3"]
[White "Zikan, Karel"]
[Black "Sojka, Oldrich"]
[Result "1-0"]
[WhiteElo "1704"]
[BlackElo "1569"]
[PlyCount "79"]
[EventDate "2015.11.14"]
[EventType "swiss"]
[EventRounds "9"]
[EventCountry "CZE"]
[SourceTitle "CBM 169 Extra"]
[Source "ChessBase"]
[SourceDate "2015.12.18"]
[SourceVersion "1"]
[SourceVersionDate "2015.12.18"]
[SourceQuality "1"]

1. Nf3 Nf6 2. c4 g6 3. Nc3 d6 4. g3 Bg7 5. Bg2 c6 6. 0-0 0-0 7. d3 Bg4 8. h3 Bd7 9. Rb1 Na6 10. Qc2 Qc8 11. Kh2 Rb8 12. b4 Nc7 13. a4 a6 14. Be3 e5 15. Rfc1 Re8 16. b5 axb5 17. axb5 c5 18. Ng5 h6 19. Nge4 Nxe4 20. Nxe4 Re6 21. Ra1 f5 22. Nc3 Rf6 23. Ra7 Be6 24. Rca1 f4 25. gxf4 exf4 26. Bd2 g5 27. Ne4 Rg6 28. Nxd6 Qd7 29. d4 Qxd6 30. Qxg6 f3+ 31. Kg1 fxg2 32. d5 Qe5 33. dxe6 Nxe6 34. Ra8 Nf4 35. Rxb8+ Qxb8 36. Bxf4 gxf4 37. Kxg2 Kh8 38. Rd1 b6 39. Rd6 Qf8 40. Re6 1-0

[Event "Brno op"]
[Site "Brno"]
[Date "2015.08.30"]
[Round "9"]
[White "Tajovsky, Matej"]
[Black "Zikan, Karel"]
[Result "0-1"]
[WhiteElo "1556"]
[BlackElo "1735"]
[PlyCount "110"]
[EventDate "2015.08.23"]
[EventType "swiss"]
[EventRounds "9"]
[EventCountry "CZE"]
[SourceTitle "EXT 2016"]
[Source "ChessBase"]
[SourceDate "2015.10.08"]
[SourceVersion "1"]
[SourceVersionDate "2015.10.08"]
[SourceQuality "1"]

1. e4 c6 2. d4 d5 3. exd5 cxd5 4. c4 Nf6 5. Nf3 Bg4 6. Nc3 Nc6 7. Be3 e6 8. Be2 dxc4 9. 0-0 Be7 10. Bxc4 0-0 11. Be2 Nb4 12. Qb3 b6 13. Rac1 Nbd5 14. Nxd5 Nxd5 15. a3 Qd6 16. Rc2 Rac8 17. Rfc1 Qb8 18. h3 Bh5 19. Ne5 Bxe2 20. Nd7 Qb7 21. Nxf8 Rxc2 22. Qxc2 Bxf8 23. Qxe2 Bd6 24. Qg4 Be7 25. Qg3 Bf6 26. Qd6 h6 27. Qg3 Kf8 28. Rd1 Qc8 29. Bf4 g5 30. Be5 Qc2 31. Rf1 Qxb2 32. Bxf6 Nxf6 33. Qd3 Kg7 34. Rb1 Qa2 35. Rc1 Nd5 36. Rc8 Nf4 37. Qe3 Qd5 38. f3 Qa2 39. Qe5+ Kg6 40. Rg8+ Kh5 41. Rxg5+ hxg5 42. Qh8+ Kg6 43. Qg8+ Kf6 44. Qd8+ Kg7 45. Qxg5+ Ng6 46. h4 Qb1+ 47. Kf2 Qc2+ 48. Kg1 f6 49. Qg3 Qc1+ 50. Kf2 Qf4 51. Qxf4 Nxf4 52. g3 Nd5 53. Ke2 b5 54. Kd3 a5 55. g4 Kg6 0-1

[Event "Brno op"]
[Site "Brno"]
[Date "2015.08.24"]
[Round "3"]
[White "Zeman, Arnost"]
[Black "Zikan, Karel"]
[Result "1-0"]
[WhiteElo "1969"]
[BlackElo "1735"]
[PlyCount "113"]
[EventDate "2015.08.23"]
[EventType "swiss"]
[EventRounds "9"]
[EventCountry "CZE"]
[SourceTitle "EXT 2016"]
[Source "ChessBase"]
[SourceDate "2015.10.08"]
[SourceVersion "1"]
[SourceVersionDate "2015.10.08"]
[SourceQuality "1"]

1. d4 Nf6 2. Bf4 d5 3. Nd2 Bf5 4. e3 e6 5. h3 c6 6. Ngf3 Bd6 7. c3 0-0 8. Nh4 Bg6 9. Nxg6 hxg6 10. Bd3 Bxf4 11. exf4 Nbd7 12. Qe2 Qc7 13. g3 c5 14. Nf3 a6 15. Kf1 b5 16. Kg2 cxd4 17. cxd4 Rac8 18. h4 Nb6 19. b3 Rfd8 20. Rad1 Qb7 21. Ng5 Nh5 22. Bxg6 fxg6 23. Qxe6+ Kh8 24. Nf7+ Kh7 25. Nxd8 Rxd8 26. f5 gxf5 27. Qxf5+ g6 28. Qg5 Rf8 29. Rde1 Rf7 30. Rhf1 Qd7 31. Re5 Ng7 32. g4 Ne6 33. Qe3 Nf4+ 34. Kg3 Qd6 35. Re1 Ne6 36. f4 Nxf4 37. Rf1 Nh5+ 38. Kg2 Rxf1 39. Kxf1 Qf6+ 40. Ke2 Ng7 41. h5 gxh5 42. gxh5 Qh4 43. Qg1 Nxh5 44. Qb1+ Kg7 45. Qg1+ Kh7 46. Re8 Ng3+ 47. Kd3 Qg5 48. Qh2+ Nh5 49. Qc7+ Ng7 50. Re7 Qf5+ 51. Kc3 Qg5 52. Kb4 Qd2+ 53. Kc5 Qc3+ 54. Kxb6 Qxd4+ 55. Kxa6 Qf6+ 56. Kxb5 Qf1+ 57. Kc5 1-0

[Event "Brno op 5th"]
[Site "Brno"]
[Date "2014.11.21"]
[Round "8"]
[White "Zikan, Karel"]
[Black "Kopecek, Ivan"]
[Result "0-1"]
[WhiteElo "1743"]
[BlackElo "1938"]
[PlyCount "54"]
[EventDate "2014.11.15"]
[EventType "swiss"]
[EventRounds "9"]
[EventCountry "CZE"]
[SourceTitle "CBM 163 Extra"]
[Source "ChessBase"]
[SourceDate "2014.12.23"]
[SourceVersion "1"]
[SourceVersionDate "2014.12.23"]
[SourceQuality "1"]

1. Nf3 f5 2. g3 Nf6 3. Bg2 g6 4. b3 Bg7 5. Bb2 0-0 6. 0-0 c5 7. c4 Nc6 8. Nc3 Qe8 9. e3 Ne4 10. Qe1 Nxc3 11. Bxc3 e5 12. d3 d6 13. Qd2 Qe7 14. Rfd1 g5 15. a3 f4 16. e4 Bg4 17. h3 Bxf3 18. Bxf3 fxg3 19. Qe2 gxf2+ 20. Qxf2 g4 21. hxg4 Bh6 22. Qg3 Bf4 23. Qh3 Rf6 24. Kf1 Rh6 25. Qg2 Rh2 26. Qg1 Rf8 27. Re1 Rc2 0-1

[Event "Brno op 5th"]
[Site "Brno"]
[Date "2014.11.20"]
[Round "7"]
[White "Zikan, Karel"]
[Black "Feldvabl, Vilem"]
[Result "1-0"]
[WhiteElo "1743"]
[BlackElo "1716"]
[PlyCount "67"]
[EventDate "2014.11.15"]
[EventType "swiss"]
[EventRounds "9"]
[EventCountry "CZE"]
[SourceTitle "CBM 163 Extra"]
[Source "ChessBase"]
[SourceDate "2014.12.23"]
[SourceVersion "1"]
[SourceVersionDate "2014.12.23"]
[SourceQuality "1"]

1. Nf3 Nf6 2. c4 c5 3. Nc3 Nc6 4. g3 g6 5. Bg2 Bg7 6. 0-0 0-0 7. d4 cxd4 8. Nxd4 Qb6 9. e3 Nxd4 10. Qxd4 Qxd4 11. exd4 d6 12. Re1 Re8 13. Nb5 Rb8 14. Nc7 Rd8 15. Rxe7 Rd7 16. Rxd7 Bxd7 17. Bf4 Bf8 18. Nd5 Nxd5 19. Bxd5 Be6 20. Bxe6 fxe6 21. Rc1 Rc8 22. b4 e5 23. Be3 a6 24. dxe5 dxe5 25. c5 Kf7 26. Kg2 Ke6 27. Rd1 Be7 28. a3 Rc6 29. g4 Rc8 30. Kf3 g5 31. Ke4 Rc7 32. Rd5 Bf6 33. Rd6+ Ke7 34. Kf5 1-0

[Event "Brno op 5th"]
[Site "Brno"]
[Date "2014.11.15"]
[Round "1"]
[White "Pokorny, Petr"]
[Black "Zikan, Karel"]
[Result "1-0"]
[WhiteElo "2138"]
[BlackElo "1743"]
[PlyCount "137"]
[EventDate "2014.11.15"]
[EventType "swiss"]
[EventRounds "9"]
[EventCountry "CZE"]
[SourceTitle "CBM 163 Extra"]
[Source "ChessBase"]
[SourceDate "2014.12.23"]
[SourceVersion "1"]
[SourceVersionDate "2014.12.23"]
[SourceQuality "1"]

1. d4 Nf6 2. c4 e6 3. Nc3 d5 4. cxd5 exd5 5. Bg5 c6 6. e3 Bf5 7. Qf3 Bg6 8. Bxf6 Qxf6 9. Qxf6 gxf6 10. h4 Bf5 11. Nge2 Bd6 12. g3 Nd7 13. Nf4 0-0-0 14. Be2 Rde8 15. Kd2 Rhg8 16. Bh5 Re7 17. Be2 Bxf4 18. gxf4 Rg2 19. Rag1 Rxg1 20. Rxg1 Nf8 21. Rg8 Re8 22. Bh5 Be6 23. Rg7 Re7 24. Rg8 Re8 25. Ne2 Kd8 26. Rg7 Re7 27. Rg8 Ke8 28. Ng3 f5 29. Be2 f6 30. Bh5+ Bf7 31. Rg7 Bg6 32. Rxe7+ Kxe7 33. Be2 h6 34. Bd3 Ke6 35. Kc3 Nd7 36. Kb4 b6 37. Ba6 Kd6 38. Bc8 Kc7 39. Ba6 Kd6 40. Bd3 Ke6 41. Ka4 a5 42. b4 axb4 43. Kxb4 Nb8 44. a4 Nd7 45. a5 bxa5+ 46. Kxa5 c5 47. dxc5 Nxc5 48. Bc2 Ne4 49. Bxe4 fxe4 50. Kb4 Kd6 51. Ne2 Bh5 52. Nd4 Bg4 53. Kb5 Bd7+ 54. Kb6 Bc8 55. Nb5+ Ke6 56. Kc7 Ba6 57. Nd4+ Ke7 58. Kc6 Bc4 59. Kc5 Kf7 60. Nf5 Kg6 61. Ng3 f5 62. Kc6 Kf7 63. Nxf5 Kg6 64. Ng3 Kf6 65. Kd6 Kg6 66. Ke5 Bb3 67. f5+ Kf7 68. Ne2 Bc4 69. Nf4 1-0

[Event "Brno CEZ op"]
[Site "Brno"]
[Date "2014.08.30"]
[Round "8"]
[White "Khachatouri, Saro"]
[Black "Zikan, Karel"]
[Result "0-1"]
[WhiteElo "1790"]
[BlackElo "1772"]
[PlyCount "110"]
[EventDate "2014.08.24"]
[EventType "swiss"]
[EventRounds "9"]
[EventCountry "CZE"]
[SourceTitle "CBM 162 Extra"]
[Source "ChessBase"]
[SourceDate "2014.10.17"]
[SourceVersion "1"]
[SourceVersionDate "2014.10.17"]
[SourceQuality "1"]

1. d4 Nf6 2. Nf3 e6 3. c4 b6 4. g3 Ba6 5. Qa4 Be7 6. Bg2 Bb7 7. Nc3 0-0 8. 0-0 Ne4 9. Nxe4 Bxe4 10. Be3 d6 11. Rac1 Qd7 12. Qb3 c5 13. Rfd1 Qb7 14. Bh3 Bxf3 15. exf3 Nd7 16. Bg2 Rad8 17. f4 Qc7 18. g4 g6 19. f5 exf5 20. gxf5 Bf6 21. fxg6 fxg6 22. Bd5+ Kh8 23. Bh6 Bg7 24. Bxg7+ Kxg7 25. Qc3 Nf6 26. dxc5 dxc5 27. Rd3 Rde8 28. Rcd1 Qe5 29. Qxe5 Rxe5 30. R3d2 Nxd5 31. Rxd5 Re2 32. R5d2 Rfxf2 33. Rxe2 Rxe2 34. Rd7+ Kh6 35. Rxa7 Rxb2 36. Kh1 g5 37. Ra6 Kh5 38. Ra7 h6 39. Ra4 Kh4 40. Kg1 g4 41. Ra3 h5 42. Kh1 Kg5 43. Ra7 Kh4 44. Ra3 Rc2 45. Rb3 Rxa2 46. Rxb6 Rc2 47. Rd6 Rxc4 48. Rd3 Rc1+ 49. Kg2 Rc2+ 50. Kg1 c4 51. Rd1 c3 52. Rd3 Rc1+ 53. Kg2 c2 54. Rc3 Kg5 55. Kf2 Rh1 0-1

[Event "Brno Duras op-B"]
[Site "Brno"]
[Date "2014.07.02"]
[Round "5"]
[White "Zikan, Karel"]
[Black "Pospisil, Patrik"]
[Result "1/2-1/2"]
[WhiteElo "1772"]
[BlackElo "1573"]
[PlyCount "71"]
[EventDate "2014.06.28"]
[EventType "swiss"]
[EventRounds "9"]
[EventCountry "CZE"]
[SourceTitle "EXT 2017"]
[Source "ChessBase"]
[SourceDate "2016.10.25"]
[SourceVersion "1"]
[SourceVersionDate "2016.10.25"]
[SourceQuality "1"]

1. Nf3 d5 2. d4 Nf6 3. c4 c6 4. e3 e6 5. Nc3 Nbd7 6. Bd3 dxc4 7. Bxc4 b5 8. Bd3 Bb7 9. 0-0 a6 10. Ne4 c5 11. Nxf6+ Nxf6 12. dxc5 Bxc5 13. Qe2 0-0 14. Rd1 Qb6 15. a3 Rfd8 16. b4 Be7 17. Bb2 Rac8 18. Bd4 Qc7 19. Rac1 Qxc1 20. Rxc1 Rxc1+ 21. Ne1 Rdc8 22. Bb2 R1c7 23. f4 Be4 24. h3 h6 25. Be5 Rc1 26. Kh2 Bxd3 27. Nxd3 R1c2 28. Qf3 Rd2 29. Bxf6 gxf6 30. Qb7 Rc3 31. Qxe7 Rcxd3 32. Qxf6 Rxe3 33. Qxh6 Rxa3 34. Qg5+ Kf8 35. Qc5+ Kg8 36. Qg5+ 1/2-1/2

[Event "Brno Duras op-B"]
[Site "Brno"]
[Date "2013.06.24"]
[Round "3"]
[White "Dumkova, Daniela"]
[Black "Zikan, Karel"]
[Result "1-0"]
[WhiteElo "1571"]
[BlackElo "1795"]
[PlyCount "79"]
[EventDate "2013.06.22"]
[EventType "swiss"]
[EventRounds "7"]
[EventCountry "CZE"]
[SourceTitle "CBM 155 Extra"]
[Source "ChessBase"]
[SourceDate "2013.08.26"]
[SourceVersion "1"]
[SourceVersionDate "2013.08.26"]
[SourceQuality "1"]

1. e4 c6 2. d4 d5 3. exd5 cxd5 4. Bd3 Nf6 5. Ne2 Nc6 6. c3 Bg4 7. Bf4 e6 8. 0-0 Bd6 9. Bxd6 Qxd6 10. f3 Bh5 11. Na3 0-0 12. Nc2 Bg6 13. Ne3 Rac8 14. f4 Bxd3 15. Qxd3 Ne4 16. f5 f6 17. fxe6 Qxe6 18. Nf4 Qd6 19. Nfxd5 Rfe8 20. c4 Nb4 21. Nxb4 Qxb4 22. b3 Rcd8 23. Nd5 Qa5 24. b4 Qa6 25. Nc7 Qb6 26. Nxe8 Rxd4 27. Qe3 Qd8 28. Nc7 Rxc4 29. Ne6 Qd5 30. Nf4 Qe5 31. Nd3 Qd5 32. Rac1 Rd4 33. Nc5 f5 34. Nxe4 Rxe4 35. Qb3 Qxb3 36. axb3 Rxb4 37. Rxf5 h6 38. Rc3 b5 39. g3 a5 40. Rf4 1-0